[Event "UGA-ch"]
[Site "Kampala"]
[Date "2011.12.20"]
[Round "10"]
[White "Musaga, Samuel"]
[Black "Seguya, Ivan"]
[Result "1-0"]
[WhiteElo "1950"]
[BlackElo "2003"]
[PlyCount "61"]
[EventDate "2011.12.05"]
[EventType "swiss"]
[EventRounds "10"]
[EventCountry "UGA"]
[SourceTitle "EXT 2013"]
[Source "ChessBase"]
[SourceDate "2012.11.22"]
[SourceVersion "1"]
[SourceVersionDate "2012.11.22"]
[SourceQuality "1"]

1. e4 d5 2. exd5 Qxd5 3. c4 Qd8 4. Nf3 Nf6 5. d4 c6 6. Nc3 Bf5 7. g3 e6 8. Bg2 Bb4 9. 0-0 h6 10. Qb3 Qa5 11. Bd2 Ne4 12. Nxe4 Bxe4 13. Bxb4 Qc7 14. Rfe1 f5 15. d5 c5 16. Bxc5 b6 17. Ba3 Nd7 18. dxe6 Nc5 19. Bxc5 Qxc5 20. Nh4 0-0 21. Rad1 Rf6 22. Qc3 Re8 23. Rd7 a5 24. Kh1 Rexe6 25. f3 Qc6 26. Rd8+ Kh7 27. fxe4 fxe4 28. Rd5 Rf2 29. Rxe4 Ref6 30. Re1 g5 31. Qd3+ 1-0

[Event "UGA-ch"]
[Site "Kampala"]
[Date "2011.12.13"]
[Round "8"]
[White "Tugume, Richard"]
[Black "Musaga, Samuel"]
[Result "1-0"]
[WhiteElo "2000"]
[BlackElo "1950"]
[PlyCount "51"]
[EventDate "2011.12.05"]
[EventType "swiss"]
[EventRounds "10"]
[EventCountry "UGA"]
[SourceTitle "EXT 2013"]
[Source "ChessBase"]
[SourceDate "2012.11.22"]
[SourceVersion "1"]
[SourceVersionDate "2012.11.22"]
[SourceQuality "1"]

1. e4 d5 2. exd5 Qxd5 3. Nc3 Qa5 4. Bc4 e6 5. Nge2 Bc5 6. d4 Bd6 7. Bd2 Nf6 8. a3 0-0 9. Nd5 Qa4 10. b3 Qc6 11. Nxf6+ gxf6 12. Bh6 Rd8 13. 0-0 b5 14. Ng3 Kh8 15. Bd3 f5 16. Bg5 Bb7 17. f3 Nd7 18. Bxd8 Rxd8 19. Qe2 a6 20. a4 Rg8 21. axb5 Qb6 22. c3 Bxg3 23. hxg3 Rxg3 24. bxa6 Ba8 25. Bxf5 Qd6 26. Be4 1-0

[Event "UGA-ch"]
[Site "Kampala"]
[Date "2011.12.12"]
[Round "5"]
[White "Musaga, Samuel"]
[Black "Nsubuga, Haruna"]
[Result "0-1"]
[WhiteElo "1950"]
[BlackElo "2103"]
[PlyCount "98"]
[EventDate "2011.12.05"]
[EventType "swiss"]
[EventRounds "10"]
[EventCountry "UGA"]
[SourceTitle "EXT 2013"]
[Source "ChessBase"]
[SourceDate "2012.11.22"]
[SourceVersion "1"]
[SourceVersionDate "2012.11.22"]
[SourceQuality "1"]

1. e4 e5 2. Nf3 Nc6 3. g3 Nf6 4. d3 Bc5 5. h3 d6 6. Bg2 h6 7. 0-0 Be6 8. c3 Qd7 9. Kh2 d5 10. Nxe5 Nxe5 11. d4 Nxe4 12. dxc5 Nxc5 13. f4 Nc6 14. Qh5 g6 15. Qh4 Qe7 16. Qxe7+ Nxe7 17. Be3 Ne4 18. Bd4 Rg8 19. Na3 c6 20. Nc2 Nf5 21. g4 Nxd4 22. Nxd4 Nd6 23. Rae1 Ne4 24. Bxe4 dxe4 25. Rxe4 0-0-0 26. Rf2 Bxa2 27. b3 Bb1 28. Re3 Rge8 29. Rxe8 Rxe8 30. Re2 Rxe2+ 31. Nxe2 c5 32. Kg3 Bd3 33. Nc1 Bc2 34. Kf2 Kc7 35. Ke3 Kc6 36. Kd2 Be4 37. h4 a5 38. c4 b5 39. cxb5+ Kxb5 40. Kc3 Bd5 41. g5 hxg5 42. hxg5 c4 43. bxc4+ Bxc4 44. Kd4 Kb4 45. Ke5 a4 46. f5 a3 47. fxg6 fxg6 48. Kf6 Kc3 49. Kxg6 Kc2 0-1